Normal view
MARC view
Entry Personal Name
001 - CONTROL NUMBER
- control field: 4610
003 - CONTROL NUMBER IDENTIFIER
- control field: ARRUPE
005 - DATE AND TIME OF LATEST TRANSACTION
- control field: 20131202173301.0
008 - FIXED-LENGTH DATA ELEMENTS
- fixed length control field: 131202|| aca||aabn | a|a d
040 ## - CATALOGING SOURCE
- Original cataloging agency: ARRUPE
- Transcribing agency: ARRUPE
100 ## - HEADING--PERSONAL NAME
- Personal name: Ba, Amadou Hampate
670 ## - SOURCE DATA FOUND
- Source citation: Work cat.: (ARRUPE): Ba, Amadou Hampate, Amadou Hampate Ba, 1973